书目信息 |
| 题名: |
陶瓷设计与制作
|
|
| 作者: | 吴天麟 , 饶媛媛 编著 | |
| 分册: | ||
| 出版信息: | 长沙 湖南大学出版社 2008.10 |
|
| 页数: | 87页 | |
| 开本: | 29cm | |
| 丛书名: | ||
| 单 册: | ||
| 中图分类: | J527 , TQ175.46 | |
| 科图分类: | ||
| 主题词: | 陶瓷--tao ci--造型艺术--高等学校--技术学校--教材 , 陶瓷--tao ci--制作--高等学校--技术学校--教材 | |
| 电子资源: | ||
| ISBN: | 978-7-81113-049-2 | |
| 000 | 01210nam0 2200301 450 | |
| 001 | 012009259070 | |
| 005 | 20091128162953.51 | |
| 010 | @a978-7-81113-049-2@dCNY35.00 | |
| 100 | @a20091128d2008 em y0chiy0120 ea | |
| 101 | 0 | @achi |
| 102 | @aCN@b430000 | |
| 105 | @aa a 000yy | |
| 106 | @ar | |
| 200 | 1 | @a陶瓷设计与制作@Atao ci she ji yu zhi zuo@d= Design and production of ceramics@f吴天麟, 饶媛媛编著@Fwu tian lin,rao yuan yuan bian zhu@zeng |
| 210 | @a长沙@c湖南大学出版社@d2008.10 | |
| 215 | @a87页@c图@d29cm | |
| 300 | @a高等职业教育艺术设计类专业实践教材 21世纪高等职业教育艺术设计类专业规划教材 示范性高职院校工学结合课程建设教材 | |
| 320 | @a有书目 (第86页) | |
| 330 | @a本书概述了中国古代陶瓷和现代国内外陶瓷的发展历程,着重介绍了现代陶瓷的设计与制作知识和方法,并附有制作过程操作实训案件和优秀作品范例。 | |
| 510 | 1 | @aDesign and production of ceramics@zeng |
| 606 | 0 | @a陶瓷@Atao ci@x造型艺术@x高等学校@x技术学校@j教材 |
| 606 | 0 | @a陶瓷@Atao ci@x制作@x高等学校@x技术学校@j教材 |
| 690 | @aJ527@v4 | |
| 690 | @aTQ175.46@v4 | |
| 701 | 0 | @a吴天麟@Awu tian lin@4编著 |
| 701 | 0 | @a饶媛媛@Arao yuan yuan@4编著 |
| 801 | 0 | @aCN@bQSSK@c20091128 |
| 905 | @b767907-09@dJ527@eW873@f3 | |
| 陶瓷设计与制作= Design and production of ceramics/吴天麟, 饶媛媛编著.-长沙:湖南大学出版社,2008.10 |
| 87页:图;29cm |
| 高等职业教育艺术设计类专业实践教材 21世纪高等职业教育艺术设计类专业规划教材 示范性高职院校工学结合课程建设教材 |
| ISBN 978-7-81113-049-2:CNY35.00 |
| 本书概述了中国古代陶瓷和现代国内外陶瓷的发展历程,着重介绍了现代陶瓷的设计与制作知识和方法,并附有制作过程操作实训案件和优秀作品范例。 |
| ● |
| 相关链接 |
|
|
|
正题名:陶瓷设计与制作
索取号:J527/W873
 
预约/预借
| 序号 | 登录号 | 条形码 | 馆藏地/架位号 | 状态 | 备注 |
| 1 | 767907 | 207679074 | 社科库309/309社科库 89排1列5层/ [索取号:J527/W873] | 在馆 | |
| 2 | 767908 | 207679083 | 社科库309/309社科库 89排1列5层/ [索取号:J527/W873] | 在馆 | |
| 3 | 767909 | 207679092 | 社科库309/309社科库 89排1列5层/ [索取号:J527/W873] | 在馆 |